| 000 | 01317cam a2200373 i 4500 | ||
|---|---|---|---|
| 999 |
_c200429870 _d47796 |
||
| 001 | 200429870 | ||
| 003 | TR-AnTOB | ||
| 005 | 20260310145538.0 | ||
| 007 | ta | ||
| 008 | 150921s2013 tu a b 000 0 tur d | ||
| 010 | _a2015346916 | ||
| 020 | _a9786051373201 (hardback) | ||
| 040 |
_aSTF _beng _erda _cSTF _dOCLCO _dOCLCF _dOCLCO _dDLC _dTR-AnTOB |
||
| 041 | 0 | _atur | |
| 050 | 0 | _aHC493.A55 | |
| 090 |
_aHC493.A55 _bK63 2013 |
||
| 100 | 1 |
_aKoç, Bekir _eauthor _9101090 |
|
| 245 | 1 | 0 |
_aBozkırdan sanayinin başkentine : _bAnkara sanayi tarihi / _cDoç. Dr. Bekir Koç, Prof. Dr. M. Murat Baskıcı. |
| 246 | 3 | 4 | _aAnkara sanayi tarihi |
| 264 | 1 |
_aAnkara : _bAnkara Sanayi Odası, _c2013. |
|
| 300 |
_avii, 304 pages : _billustrations ; _c28 cm. |
||
| 336 |
_atext _btxt _2rdacontent |
||
| 337 |
_aunmediated _bn _2rdamedia |
||
| 338 |
_avolume _bnc _2rdacarrier |
||
| 490 | 0 |
_aAnkara Sanayi Odası Yayını ; _v62 |
|
| 500 | _a"50. Yıl--Cover. | ||
| 504 | _aIncludes bibliographical references (pages 280-290). | ||
| 650 | 0 |
_aEndüstrileşme _zTürkiye _zAnkara _xTarih _929605 |
|
| 650 | 0 |
_aEndüstrileşme _925836 |
|
| 651 | 7 |
_aAnkara (Türkiye) _xEkonomik durum _2etuturkob _9120978 |
|
| 700 |
_aBaskıcı, Mehmet Murat _eauthor _976415 |
||
| 942 |
_2lcc _cBK |
||